000 00432nam a2200169 a 4500
001 0000-8532
003 ELIB.Books
008 110520 1966
035 _a(ELIB.Books)0000-8677
082 _a221.6
_bMck
100 _aMckenzie, John L.
245 _aThe Two-Edged Sword.
260 _bNew York: Bruce Publishing Company
_c1966
650 _aOld Testament
942 _2ddc
_cBK
998 _cbat
_e2011-05-20
999 _c8532
_d8532